000 00524 a2200145 4500
999 _c1651
_d1651
020 _a9780324597912
050 _aHD 62.4 AHL 2010
100 _aAhlstrom, David
_eauthor
245 _aInternational management:
_bstrategy and culture in the emerging world
_cDavid Ahlstrom and Garry D. Bruton
264 _aAustralia:
_bSouth-western cengage learning,
_c2010
300 _axvii, 504p.
_bill.(col.)
500 _aincludes index and bibliography
650 _aInternational business enterprises
942 _2lcc
_cBK
_h62.4
_iAHL
_kHD